[Event "BRA-ch Universities"]
[Site "Aracaju"]
[Date "2014.11.02"]
[Round "6"]
[White "Caetano, Hugo Zanotti Mendon"]
[Black "Abdalla, Luiz Guilherme"]
[Result "1-0"]
[WhiteElo "2209"]
[BlackElo "2302"]
[PlyCount "95"]
[EventDate "2014.10.30"]
[EventType "swiss"]
[EventRounds "7"]
[EventCountry "BRA"]
[SourceTitle "EXT 2018"]
[Source "ChessBase"]
[SourceDate "2017.10.13"]
[SourceVersion "1"]
[SourceVersionDate "2017.10.13"]
[SourceQuality "1"]

1. d4 Nf6 2. c4 g6 3. Nc3 d5 4. cxd5 Nxd5 5. e4 Nxc3 6. bxc3 Bg7 7. Be3 c5 8. Qd2 Qa5 9. Rc1 0-0 10. d5 Nd7 11. Nf3 f5 12. exf5 Rxf5 13. Bd3 Rxf3 14. gxf3 Ne5 15. Be2 Bf5 16. f4 Nf7 17. 0-0 Nd6 18. Bd3 Bh3 19. Rfe1 Rf8 20. Bf1 Bf5 21. Bd3 Bh3 22. Bf1 Bd7 23. c4 Qa3 24. Bd3 b6 25. Qe2 Nf5 26. Rc2 Rf7 27. Kh1 Bf6 28. Bc1 Qa5 29. Bd2 Qa3 30. Bc1 Qa5 31. Bb2 Nd4 32. Bxd4 Bxd4 33. f5 Bxf5 34. Bxf5 Rxf5 35. Qxe7 Qa3 36. Qd8+ Kf7 37. Qe7+ Kg8 38. Qe2 Kg7 39. Rf1 Re5 40. Qd1 Qh3 41. f4 Re3 42. Rg2 Qf5 43. Qc2 Qxf4 44. Rxg6+ hxg6 45. Rxf4 Re1+ 46. Kg2 Rg1+ 47. Kh3 g5 48. Rg4 1-0

[Event "BRA-ch Universities"]
[Site "Aracaju"]
[Date "2014.10.31"]
[Round "3"]
[White "Abdalla, Luiz Guilherme"]
[Black "Garcia, Gabriel Gonzaga"]
[Result "1-0"]
[WhiteElo "2302"]
[BlackElo "2027"]
[PlyCount "67"]
[EventDate "2014.10.30"]
[EventType "swiss"]
[EventRounds "7"]
[EventCountry "BRA"]
[SourceTitle "EXT 2018"]
[Source "ChessBase"]
[SourceDate "2017.10.13"]
[SourceVersion "1"]
[SourceVersionDate "2017.10.13"]
[SourceQuality "1"]

1. d4 Nf6 2. c4 g6 3. Nc3 Bg7 4. e4 d6 5. Nf3 0-0 6. Be2 e5 7. 0-0 Nc6 8. d5 Ne7 9. b4 Ne8 10. c5 f5 11. Nd2 Nf6 12. a4 f4 13. Ba3 g5 14. Nc4 Ng6 15. b5 dxc5 16. Bxc5 Rf7 17. d6 Rd7 18. Qb3 Kh8 19. Rfd1 Qg8 20. dxc7 b6 21. Rxd7 Bxd7 22. Bd6 Ne8 23. Qb4 Be6 24. a5 bxa5 25. Rxa5 f3 26. gxf3 Nf4 27. Ne3 Bf6 28. Ng4 Bxg4 29. fxg4 Qe6 30. Ra6 Rc8 31. Bxe5 Qf7 32. Bc4 Qg7 33. Rxf6 Nxf6 34. Qd6 1-0

[Event "American Continental 10th"]
[Site "Praia da Pipa"]
[Date "2014.10.26"]
[Round "11"]
[White "Krysa, Leandro Sergio"]
[Black "Abdalla, Luiz Guilherme"]
[Result "1-0"]
[WhiteElo "2446"]
[BlackElo "2302"]
[PlyCount "37"]
[EventDate "2014.10.18"]
[EventType "swiss"]
[EventRounds "11"]
[EventCountry "BRA"]
[SourceTitle "EXT 2015"]
[Source "ChessBase"]
[SourceDate "2014.11.20"]
[SourceVersion "1"]
[SourceVersionDate "2014.11.20"]
[SourceQuality "1"]

1. c4 c5 2. Nf3 Nc6 3. d4 cxd4 4. Nxd4 Nf6 5. Nc3 g6 6. Nc2 Bg7 7. e4 d6 8. Be2 0-0 9. 0-0 Nd7 10. Be3 Nc5 11. f3 Bxc3 12. bxc3 Qa5 13. Qd2 Na4 14. Bh6 Re8 15. Nb4 Be6 16. Nd5 Ne5 17. Kh1 Qc5 18. Rfb1 Nxc4 19. Bxc4 1-0